000
00486nam a2200181Ia 4500
008
090124s9999 xx 000 0 und d
082
_b
122793
100
_a
रायकर प्रतिभा
245
_a
दूर दूर
250
_a
1
260
_c
1988
300
_a
163
600
_a
रायकर प्रतिभा
630
_a
दूर दूर
700
_a
रायकर प्रतिभा
730
_a
दूर दूर
942
_c
BOOK
999
_c
168879
_d
168879